Name EVERY Nintendo Game - Part 1 - Statistics

General Stats
  • This quiz has been taken 12 times
  • The average score is 94 of 499
Answer Stats
Console Series Game % Correct
Famicom Disk System | Game & Watch | Nintendo Entertainment System Super Mario Super Mario Bros.
90%
Famicom Disk System | Game & Watch | GameBoy | Nintendo Entertainment System Donkey Kong Donkey Kong
80%
Famicom Disk System | Nintendo Entertainment System Metroid Metroid
80%
GameBoy | Nintendo Entertainment System Tetris Tetris
80%
Super Nintendo Entertainment System Donkey Kong Donkey Kong Country
70%
Game & Watch | Nintendo Entertainment System Mario Mario Bros.
70%
Nintendo Entertainment System Punch Out Punch Out
70%
Nintendo Entertainment System Super Mario Super Mario Bros. 2
70%
Nintendo Entertainment System Super Mario Super Mario Bros 3
70%
GameBoy Super Mario Super Mario Land
70%
Game & Watch | Nintendo Entertainment System Donkey Kong Donkey Kong 3
60%
Famicom Disk System | Game & Watch | Nintendo Entertainment System Donkey Kong Donkey Kong Jr.
60%
GameBoy | Nintendo Entertainment System Dr. Mario Dr. Mario
60%
Nintendo Entertainment System Ice Climber Ice Climber
60%
Nintendo Entertainment System Pac-Man Pac-Man
60%
Super Nintendo Entertainment System Star Fox Star Fox
60%
Super Nintendo Entertainment System Mario Kart Super Mario Kart
60%
Super Nintendo Entertainment System Super Mario Super Mario World
60%
Nintendo 64 Super Smash Bros. Super Smash Bros.
60%
Famicom Disk System | Nintendo Entertainment System The Legend of Zelda The Legend of Zelda
60%
Super Nintendo Entertainment System The Legend of Zelda The Legend of Zelda A Link to the Past
60%
Famicom Disk System | Nintendo Entertainment System Wrecking Crew Wrecking Crew
60%
GameBoy | Nintendo Entertainment System Yoshi Yoshi
60%
Famicom Disk System | GameBoy | Nintendo Entertainment System Sports Baseball
50%
Nintendo Entertainment System Donkey Kong Donkey Kong Jr. Math
50%
Nintendo Entertainment System Excite Excitebike
50%
Super Nintendo Entertainment System F-Zero F-Zero
50%
Famicom Disk System | GameBoy | Nintendo Entertainment System | Virtual Boy Sports Golf
50%
Famicom Disk System | Nintendo Entertainment System Kid Icarus Kid Icarus
50%
Nintendo 64 Paper Mario Paper Mario
50%
Nintendo 64 Super Mario Super Mario 64
50%
Super Nintendo Entertainment System Yoshi's Island Super Mario World 2 Yoshi's Island
50%
Super Nintendo Entertainment System Metroid Super Metroid
50%
Super Nintendo Entertainment System Punch Out Super Punch Out
50%
Famicom Disk System | GameBoy | Nintendo Entertainment System Sports Tennis
50%
GameBoy The Legend of Zelda The Legend of Zelda Link's Awakening
50%
Nintendo 64 The Legend of Zelda The Legend of Zelda Majora's Mask
50%
Nintendo 64 The Legend of Zelda The Legend of Zelda Ocarina of Time
50%
GameBoy Wario Land Wario Land Super Mario Land 3
50%
Nintendo Entertainment System | Super Nintendo Entertainment System Wario Wario's Woods
50%
GameBoy | Nintendo Entertainment System Yoshi Yoshi's Cookie
50%
Nintendo Entertainment System Sports 10 Yard Fight
40%
Game & Watch Game & Watch Ball
40%
Nintendo 64 Banjo-Kazooie Banjo-Kazooie
40%
Nintendo Entertainment System Clu Clu Land Clu Clu Land
40%
Nintendo 64 Conker Conker's Bad Fur Day
40%
Nintendo Entertainment System Zapper Duck Hunt
40%
Super Nintendo Entertainment System EarthBound/Mother EarthBound
40%
Super Nintendo Entertainment System Mario Paint Mario Paint
40%
Nintendo 64 Mario Party Mario Party
40%
Nintendo 64 Mario Party Mario Party 2
40%
Nintendo 64 Mario Party Mario Party 3
40%
Game & Watch Mario Mario's Cement Factory
40%
Nintendo 64 Mario Sports Mario Tennis
40%
Game & Watch Mickey Mouse Mickey Mouse
40%
Nintendo Entertainment System Punch Out Mike Tyson's Punch Out
40%
Game & Watch Pinball PInball
40%
Famicom Disk System | Nintendo Entertainment System Pinball Pinball
40%
Super Nintendo Entertainment System SimCity SimCity
40%
Nintendo 64 Star Fox Star Fox 64
40%
Nintendo Entertainment System StarTropics StarTropics
40%
GameBoy | Super Nintendo Entertainment System Toy Story Toy Story
40%
GameBoy Aladdin Aladdin
30%
Game & Watch | Nintendo Entertainment System Balloon Fight Balloon Fight
30%
Nintendo 64 Banjo-Kazooie Banjo-Tooie
30%
Nintendo Entertainment System Cobra Triangle Cobra Triangle
30%
Nintendo 64 Diddy Kong Racing Diddy Kong Racing
30%
Nintendo 64 Donkey Kong Donkey Kong 64
30%
GameBoy Donkey Kong Donkey Kong Land
30%
GameBoy Donkey Kong Donkey Kong Land 2
30%
GameBoy | Nintendo Entertainment System Double Dragon Double Dragon
30%
Nintendo Entertainment System Dragon Quest Dragon Quest
30%
Nintendo 64 Dr. Mario Dr. Mario 64
30%
GameBoy DuckTales DuckTales
30%
Nintendo Entertainment System Faxanadu Faxanadu
30%
Nintendo Entertainment System Final Fantasy Final Fantasy
30%
Game & Watch Game & Watch Fire
30%
Nintendo Entertainment System Gumshoe Gumshoe
30%
Nintendo Entertainment System R.O.B. Gyromite
30%
Nintendo Entertainment System Zapper Hogan's Alley
30%
Famicom Disk System | Nintendo Entertainment System Sports Ice Hockey
30%
Nintendo Entertainment System Kirby Kirby's Adventure
30%
Super Nintendo Entertainment System Kirby's Avalanche Kirby's Avalanche
30%
Super Nintendo Entertainment System Kirby Golf Kirby's Dream Course
30%
GameBoy Kirby Kirby's Dream Land
30%
GameBoy Kirby Kirby's Dream Land 2
30%
Super Nintendo Entertainment System Kirby Kirby's Dreamland 3
30%
Nintendo Entertainment System Sports Kung Fu
30%
Nintendo Entertainment System Mach Rider Mach Rider
30%
Famicom Disk System | Nintendo Entertainment System Mahjong Mahjong
30%
Virtual Boy Mario Mario Clash
30%
Nintendo 64 Mario Sports Mario Golf
30%
Nintendo 64 Mario Kart Mario Kart 64
30%
Virtual Boy Mario Sports Mario's Tennis
30%
Super Nintendo Entertainment System Wario Mario & Wario
30%
Nintendo Entertainment System Mega Man Mega Man 3
30%
Nintendo Entertainment System Mega Man Mega Man 4
30%
Nintendo Entertainment System Mega Man Mega Man 5
30%
Nintendo Entertainment System Mega Man Mega Man 6
30%
Super Nintendo Entertainment System Mega Man X Mega Man X
30%
Nintendo Entertainment System EarthBound/Mother Mother
30%
Nintendo Entertainment System Mario Sports NES Open Tournament Golf
30%
Super Nintendo Entertainment System Pilotwings Pilotwings
30%
GameBoy Pokemon Pokemon Blue
30%
GameBoy Pokemon Pokemon Green
30%
GameBoy Pokemon Pokemon Red
30%
Game & Watch | Nintendo Entertainment System Popeye Popeye
30%
Game & Watch Snoopy Snoopy
30%
Famicom Disk System | GameBoy | Nintendo Entertainment System Sports Soccer
30%
Nintendo Entertainment System R.O.B. Stack-Up
30%
Super Nintendo Entertainment System Super Mario Super Mario All Stars
30%
GameBoy | Nintendo Entertainment System | Super Nintendo Entertainment System Tetris Tetris 2
30%
Super Nintendo Entertainment System Tetris, Dr. Mario Tetris & Dr. Mario
30%
GameBoy Smurfs The Smurfs
30%
Nintendo Entertainment System To the Earth To the Earth
30%
Nintendo Entertainment System Urban Champion Urban Champion
30%
Famicom Disk System | Nintendo Entertainment System Sports Volleyball
30%
GameBoy Wario Land Wario Land II
30%
Super Nintendo Entertainment System Yoshi Yoshi's Safari
30%
Nintendo 64 Yoshi's Island Yoshi's Story
30%
Famicom Disk System | Nintendo Entertainment System The Legend of Zelda Zelda II The Adventure of Link
30%
Nintendo 64 Animal Crossing Animal Forest
20%
Nintendo Entertainment System Anticipation Anticipation
20%
Game & Watch Punch Out Boxing
20%
Nintendo Entertainment System Donkey Kong Donkey Kong Classics
20%
Super Nintendo Entertainment System Donkey Kong Donkey Kong Country 2 Diddy's Kong Quest
20%
GameBoy Dynablaster Dynablaster
20%
Nintendo 64 F-Zero F-Zero X
20%
Game & Watch The Legend of Zelda Game & Watch
20%
Nintendo 64 007 Goldeneye 007
20%
Super Nintendo Entertainment System Harvest Moon Harvest Moon
20%
GameBoy | Super Nintendo Entertainment System Killer Instinct Killer Instinct
20%
Nintendo 64 Kirby Kirby 64 The Crystal Shards
20%
Super Nintendo Entertainment System Kirby Kirby Super Star
20%
GameBoy Kwirk Kwirk
20%
GameBoy Mario Picross Mario's Picross
20%
GameBoy Mercenary Force Mercenary Force
20%
GameBoy Metroid Metroid II Return of Samus
20%
GameBoy Mystic Quest Mystic Quest
20%
Nintendo Entertainment System Sports NES Play Action Football
20%
Game & Watch Game & Watch Octopus
20%
Game & Watch Game & Watch Oil Panic
20%
GameBoy Othello Othello
20%
Super Nintendo Entertainment System Panel de Pon Panel de Pon
20%
Nintendo 64 Pilotwings Pilotwings 64
20%
Nintendo Entertainment System Pin*Bot Pin*Bot
20%
GameBoy | Super Nintendo Entertainment System Pinocchio Pinocchio
20%
Nintendo 64 Pokemon Stadium Pokemon Stadium
20%
Famicom Disk System | Nintendo Entertainment System Sports Pro Wrestling
20%
Nintendo Entertainment System Rad Racer Rad Racer
20%
Nintendo Entertainment System R.C. R.C. Pro-AM
20%
GameBoy Revenge of the Gator Revenge of the Gator
20%
Nintendo 64 Ridge Racer Ridge Racer 64
20%
Super Nintendo Entertainment System Star Fox Star Fox 2
20%
GameBoy Star Wars Star Wars
20%
GameBoy Street Fighter Street Fighter II
20%
Super Nintendo Entertainment System Stunt Race Stunt Race FX
20%
Nintendo Entertainment System Super Mario, Duck Hunt Super Mario Bros. + Duck Hunt
20%
GameBoy Super Mario Super Mario Land 2 6 Golden Coins
20%
Super Nintendo Entertainment System Super Mario RPG Super Mario RPG Legend of the Seven Stars
20%
GameBoy | Super Nintendo Entertainment System Panel de Pon Tetris Attack
20%
GameBoy Spider-Man The Amazing Spider-Man
20%
GameBoy The Little Mermaid The Little Mermaid
20%
Famicom Disk System Mysterious Murasame Castle The Mysterious Murasame Castle
20%
Super Nintendo Entertainment System Uniracers Uniracers
20%
GameBoy Bomberman Wario Blast Featuring Bomberman
20%
GameBoy Wave Race Wave Race
20%
Nintendo 64 Wave Race Wave Race 64
20%
Nintendo Entertainment System Zapper Wild Gunman
20%
Nintendo 64 1080 1080 Snowboarding
10%
Virtual Boy Tetris 3D Tetris
10%
GameBoy Alleyway Alleyway
10%
Famicom Disk System Backgammon Backgammon
10%
GameBoy Balloon Fight Balloon Kid
10%
Super Nintendo Entertainment System BattleClash BattleClash
10%
Nintendo Entertainment System Battletoads, Double Dragon Battletoads and Double Dragon
10%
Nintendo 64 Blast Corps Blast Corps
10%
Nintendo 64 Bomberman Bomberman 64
10%
GameBoy | Nintendo Entertainment System Boulder Dash Boulder Dash
10%
Super Nintendo Entertainment System Bubsy Bubsy in Claws Encounters of the Furred Kind
10%
GameBoy Crazy Castle Bugs Bunny Crazy Castle
10%
GameBoy Crazy Castle Bugs Bunny Crazy Castle 2
10%
Nintendo Entertainment System Burai Fighter Burai Fighter
10%
Game & Watch Game & Watch Chef
10%
Color TV Game Color TV Game Color TV Game 15
10%
Color TV Game Color TV Game Color TV Game 6
10%
Nintendo 64 Cruis'n Cruis'n USA
10%
Nintendo 64 Custom Robo Custom Robo
10%
Nintendo Entertainment System Dance Aerobics Dance Aerobics
10%
GameBoy Darkwing Duck Darkwing Duck
10%
Nintendo Entertainment System Devil World Devil World
10%
Game & Watch Donkey Kong Donkey Kong Circus
10%
Game & Watch Donkey Kong Donkey Kong II
10%
GameBoy DuckTales DuckTales 2
10%
Nintendo 64 Excite Excitebike 64
10%
GameBoy | Nintendo Entertainment System Sports F-1 Race
10%
Super Nintendo Entertainment System Fire Emblem Fire Emblem Mystery of the Emblem
10%
GameBoy Game & Watch Game & Watch Gallery
10%
GameBoy Game & Watch Game & Watch Gallery 2
10%
Game & Watch Super Mario Game & Watch Super Mario Bros.
10%
Game & Watch The Legend of Zelda Game & Watch The Legend of Zelda
10%
GameBoy Gargoyle's Quest Gargoyle's Quest
10%
Game & Watch Game & Watch Greenhouse
10%
Nintendo 64 Harvest Moon Harvest Moon 64
10%
Super Nintendo Entertainment System Shin Onigashima Heisei Shin Onigashima
10%
Nintendo 64 Pikachu Hey You Pikachu
10%
Nintendo Entertainment System Isolated Warrior Isolated Warrior
10%
Nintendo Entertainment System Joy Mech Fight Joy Mech Fight
10%
Nintendo Entertainment System Kickle Cubicle Kickle Cubicle
10%
GameBoy Kid Icarus Kid Icarus of Myths and Monsters
10%
GameBoy King of the Zoo King of the Zoo
10%
GameBoy Kirby Pinball Kirby's Pinball Land
10%
Super Nintendo Entertainment System Kirby's Star Stacker Kirby's Star Stacker
10%
GameBoy Kirby Star Stacker Kirby Star Stacker
10%
Famicom Disk System Knight Move Knight Move
10%
GameBoy Magnetic Soccer Magnetic Soccer
10%
Game & Watch Mario Mario's Bombs Away
10%
Super Nintendo Entertainment System Mario Picross Mario's Super Picross
10%
GameBoy Mega Man Mega Man II
10%
GameBoy Mega Man Mega Man III
10%
Super Nintendo Entertainment System Metal Combat Metal Combat Falcon's Revenge
10%
Nintendo 64 Mickey Mouse Mickey's Speedway USA
10%
Nintendo 64 Mischief Makers Mischief Makers
10%
GameBoy Mole Mania Mole Mania
10%
Virtual Boy Nester Nester's Funky Bowling
10%
GameBoy | Nintendo Entertainment System Sports Nintendo World Cup
10%
Virtual Boy Panic Bomber Panic Bomber
10%
Game & Watch Game & Watch Parachute
10%
Nintendo 64 Perfect Dark Perfect Dark
10%
Super Nintendo Entertainment System Plok Plok
10%
Nintendo 64 Panel de Pon Pokemon Puzzle League
10%
Nintendo 64 Pokemon Snap Pokemon Snap
10%
Nintendo 64 Pokemon Stadium Pokemon Stadium 2
10%
GameBoy Qix Qix
10%
GameBoy Radar Mission Radar Mission
10%
Virtual Boy Red Alarm Red Alarm
10%
GameBoy R-Type R-Type
10%
Nintendo Entertainment System Short Order, Eggsplode Short Order + Eggsplode
10%
GameBoy Side Pocket Side Pocket
10%
Nintendo 64 Sin & Punishment Sin & Punishment Successor of the Earth
10%
Nintendo Entertainment System Sports Slalom
10%
Super Nintendo Entertainment System Snoopy Snoopy Concert
10%
GameBoy Solar Striker Solar Striker
10%
GameBoy Space Invaders Space Invaders
10%
Nintendo 64 Starcraft Starcraft 64
10%
Super Nintendo Entertainment System Bomberman Super Bomberman 2
10%
Super Nintendo Entertainment System Wars Super Famicom Wars
10%
Super Nintendo Entertainment System R-Type Super R-Type
10%
Super Nintendo Entertainment System Zapper Super Scope 6
10%
Nintendo Entertainment System Sports Super Spike V Ball
10%
Super Nintendo Entertainment System Sports Super Tennis
10%
Super Nintendo Entertainment System Sutte Hakkun Sutte Hakkun
10%
Virtual Boy Teleroboxer Teleroboxer
10%
Nintendo 64 Tetris Tetrisphere
10%
GameBoy Adventures of Lolo The Adventures of Lolo
10%
Nintendo Entertainment System Battle of Olympus The Battle of Olympus
10%
GameBoy | Nintendo Entertainment System ChessMaster The ChessMaster
10%
Nintendo 64 Tetris The New Tetris
10%
Super Nintendo Entertainment System Tin Star Tin Star
10%
Game & Watch Game & Watch Vermin
10%
Virtual Boy Vertical Force Vertical Force
10%
Virtual Boy Wario Land Virtual Boy Wario Land
10%
Super Nintendo Entertainment System Wrecking Crew Wrecking Crew 98
10%
GameBoy X X
10%
GameBoy Yakuman Yakuman
10%
Nintendo Entertainment System Mahjong 4 Nin Uchi Mahjong
0%
Nintendo Entertainment System A Boy and His Blob A Boy and His Blob Trouble on Blobolonia
0%
Famicom Disk System Super Mario All Night Nippon Super Mario Bros.
0%
GameBoy Arcade Classic Arcade Classic 1 Asteroids + Missile Command
0%
GameBoy Arcade Classic Arcade Classic 2 Centipede + Millipede
0%
GameBoy Arcade Classic Arcade Classic 3 Galaga + Galaxian
0%
GameBoy Arcade Classic Arcade Classic 4 Defender + Joust
0%
Super Nintendo Entertainment System Arkanoid Arkanoid Doh it Again
0%
Nintendo Entertainment System Sports Athletic World
0%
Nintendo Entertainment System Barker Bill Barker Bill's Trick Shooting
0%
GameBoy Battle Arena Battle Arena Toshinden
0%
Super Nintendo Entertainment System Battletoads Battletoads in Battlemaniacs
0%
GameBoy Battletoads Battletoads in Ragnarok's World
0%
Game & Watch Game & Watch Black Jack
0%
GameBoy Bomberman Bomberman GB
0%
GameBoy Bomberman Bomberman GB2
0%
Nintendo 64 Bomberman Bomberman Hero
0%
Game & Watch Game & Watch Bomb Sweeper
0%
GameBoy Burai Fighter Burai Fighter Deluxe
0%
Nintendo Entertainment System Captain Skyhawk Captain Skyhawk
0%
Game & Watch Game & Watch Climber
0%
Famicom Disk System Clu Clu Land Clu Clu Land Welcome to New Clu Clu Land
0%
Color TV Game Color TV Block Color TV Block Kuzushi
0%
Color TV Game Color TV Racing Color TV Racing 112
0%
Nintendo 64 Command & Conquer Command & Conquer
0%
Computer TV Game Computer TV Game Computer TV Game
0%
Game & Watch Game & Watch Crab Grab
0%
Nintendo 64 Cruis'n Cruis'n World
0%
Nintendo 64 Custom Robo Custom Robo V2
0%
Super Nintendo Entertainment System Derby Stallion Derby Stallion 98
0%
Super Nintendo Entertainment System Donkey Kong Donkey Kong Country 3 Dixie Kong's Double Trouble
0%
Game & Watch Donkey Kong Donkey Kong Hockey
0%
GameBoy Donkey Kong Donkey Kong III
0%
Nintendo Entertainment System Donkey Kong Donkey Kong Jr. + Jr. Math Lesson
0%
Game & Watch Game & Watch Egg
0%
Nintendo 64 Sports F-1 World Grand Prix
0%
Famicom Disk System | Super Nintendo Entertainment System Famicom Detective Club Famicom Detective Club Part II The Girl Who Stands Behind
0%
Famicom Disk System Famicom Detective Club Famicom Detective Club The Missing Heir
0%
Famicom Disk System Sports Famicom Golf Japan Course
0%
Famicom Disk System Sports Famicom Golf US Course
0%
Famicom Disk System Famicom Grand Prix Famicom Grand Prix F1 Race
0%
Famicom Disk System Famicom Grand Prix Famicom Grand Prix II 3D Hot Rally
0%
Famicom Disk System Yuyuki Famicom Mukashi Banashi Yuyuki
0%
Super Nintendo Entertainment System Famicom Pocket Books Famicom Pocket Books The Forest of Beginnings
0%
Nintendo Entertainment System Wars Famicom Wars
0%
Nintendo Entertainment System Famicom Family BASIC
0%
Nintendo Entertainment System Famicom Family BASIC V3
0%
Super Nintendo Entertainment System Final Fantasy Quest Final Fantasy Quest Legend
0%
Game & Watch Game & Watch Fire Attack
0%
Nintendo Entertainment System Fire Emblem Fire Emblem Gaiden
0%
Super Nintendo Entertainment System Fire Emblem Fire Emblem Genealogy of the Holy War
0%
Nintendo Entertainment System Fire Emblem Fire Emblem Shadow Dragon and the Blade of Light
0%
Super Nintendo Entertainment System Fire Emblem Fire Emblem Thracia 776
0%
Game & Watch Game & Watch Flagman
0%
Virtual Boy Pinball Galactic Pinball
0%
GameBoy GameBoy GameBoy Camera
0%
GameBoy GameBoy GameBoy Gallery
0%
GameBoy Wars GameBoy Wars
0%
Game & Watch Game & Watch Gold Cliff
0%
Nintendo Entertainment System Connect Five Gomoku Narabe Renju
0%
Game & Watch Game & Watch Helmet
0%
Famicom Disk System Mario Sweater I Am a Teacher Super Mario Sweater
0%
Super Nintendo Entertainment System Illusion of Gaia Illusion of Gaia
0%
Nintendo 64 | Super Nintendo Entertainment System Bass Tsuri Itoi Shigesato no Bass Tsuri no 1
0%
GameBoy 007 James Bond 007
0%
Game & Watch Game & Watch Judge
0%
Nintendo Entertainment System Quantum Fighter Kabuki Quantum Fighter
0%
GameBoy | Super Nintendo Entertainment System Ken Griffey Jr. Ken Griffey Jr. Presents Major League Baseball
0%
Nintendo 64 Ken Griffey Jr. Ken Griffey Jr.'s Slugfest
0%
Super Nintendo Entertainment System Ken Griffey Jr. Ken Griffey Jr.'s Winning Run
0%
Super Nintendo Entertainment System Kid Klown Kid Klown in Crazy Chase
0%
Nintendo 64 Killer Instinct Killer Instinct Gold
0%
GameBoy Kirby Ball Kirby's Block Ball
0%
Nintendo 64 Kobe Bryant Kobe Bryant in NBA Courtside
0%
GameBoy Sports Kung Fu Master
0%
GameBoy Legend of the River King Legend of the River King GB
0%
Game & Watch Game & Watch Life Boat
0%
Game & Watch Game & Watch Lion
0%
Nintendo Entertainment System Little Nemo Little Nemo the Dream Master
0%
Nintendo Entertainment System Low G Man Low G Man The Low Gravity Man
0%
Super Nintendo Entertainment System Lufia Lufia II Rise of the Sinistrals
0%
Nintendo 64 Ken Griffey Jr. Major League Baseball Featuring Ken Griffey Jr.
0%
Game & Watch Game & Watch Manhole
0%
Game & Watch Mario Mario the Juggler
0%
Super Nintendo Entertainment System Marvelous Marvelous Another Treasure Island
0%
Super Nintendo Entertainment System Donald Duck Maui Mallard in Cold Shadow
0%
GameBoy Mega Man Mega Man Dr. Wily's Revenge
0%
Super Nintendo Entertainment System Metal Slader Metal Slader Glory Director's Cut
0%
Game & Watch Mickey Mouse Mickey & Donald
0%
GameBoy Mickey Mouse Mickey Mouse Magic Wands
0%
GameBoy Mickey Mouse Mickey's Dangerous Chase
0%
Super Nintendo Entertainment System Mini Yonku Mini Yonku Let's & Go Power WGP 2
0%
GameBoy Pac-Man Ms. Pac-Man
0%
Famicom Disk System Tokimeki High School Nakayama Miho no Tokimeki High School
0%
Nintendo 64 Kobe Bryant NBA Courtside 2 Featuring Kobe Bryant
0%
Super Nintendo Entertainment System NCAA NCAA Basketball
0%
Super Nintendo Entertainment System NHL NHL Stanley Cup
0%
GameBoy | Super Nintendo Entertainment System Nigel Mansell Nigel Mansell's World Championship Racing
0%
Nintendo 64 Ogre Battle Ogre Battle 64 Person of Lordly Caliber
0%
GameBoy Pac-Man Pac-In-Time
0%
GameBoy Picross Picross 2
0%
Super Nintendo Entertainment System Picross NP Picross NP Vol 1
0%
Super Nintendo Entertainment System Picross NP Picross NP Vol 2
0%
Super Nintendo Entertainment System Picross NP Picross NP Vol 3
0%
Super Nintendo Entertainment System Picross NP Picross NP Vol 4
0%
Super Nintendo Entertainment System Picross NP Picross NP Vol 5
0%
Super Nintendo Entertainment System Picross NP Picross NP Vol 6
0%
Super Nintendo Entertainment System Picross NP Picross NP Vol 7
0%
Super Nintendo Entertainment System Picross NP Picross NP Vol 8
0%
GameBoy Sports Play Action Football
0%
GameBoy Bomberman Pocket Bomberman
0%
GameBoy Pokemon Pokemon Yellow Special Pikachu Edition
0%
Nintendo Entertainment System Popeye Popeye's English Game
0%
Super Nintendo Entertainment System Lode Runner Power Lode Runner
0%
Super Nintendo Entertainment System Sokoban Power Sokoban
0%
Game & Watch Game & Watch Rain Shower
0%
Famicom Disk System Mario Return of Mario Bros.
0%
Game & Watch Game & Watch Safebuster
0%
Super Nintendo Entertainment System Secret of Evermore Secret of Evermore
0%
Nintendo Entertainment System Mahjong Shin 4nin Uchi Mahjong Yakumon Tengoku
0%
Famicom Disk System Shin Onigashima Shin Onigashima
0%
Nintendo 64 Shiren the Wanderer Shiren the Wanderer 2
0%
Famicom Disk System Sports Smash Ping Pong
0%
Nintendo Entertainment System Snakes Snake Rattle n Roll
0%
Game & Watch Snoopy Snoopy Tennis
0%
Nintendo 64 Snowboard Kids Snowboard Kids
0%
Super Nintendo Entertainment System Sports Soccer Shootout
0%
Nintendo Entertainment System Solar Jetman Solar Jetman Hunt for the Golden Warpship
0%
Nintendo Entertainment System Solstice Solstice the Quest for the Staff of Demnos
0%
Super Nintendo Entertainment System Space Invaders Space Invaders The Original Game
0%
Game & Watch Game & Watch Spitball Sparky
0%
Game & Watch Game & Watch Squish
0%
Nintendo 64 Star Wars Star Wars Episode I Racer
0%
Nintendo 64 Star Wars Star Wars Rogue Squadron
0%
Nintendo 64 Star Wars Star Wars Shadows of the Empire
0%
Nintendo Entertainment System Stealth A.T.F. Stealth A.T.F.
0%
Super Nintendo Entertainment System Street Fighter Street Fighter Alpha 2
0%
Super Nintendo Entertainment System Ghouls n Ghosts Super Ghouls n Ghosts
0%
Super Nintendo Entertainment System Sports Super International Cricket
0%
Super Nintendo Entertainment System Super Mario Super Mario All Stars + Super Mario World
0%
Nintendo Entertainment System Super Mario, Duck Hunt, Sports Super Mario Bros. + Duck Hunt + World Class Track Meet
0%
Nintendo Entertainment System Super Mario, Tetris, Sports Super Mario Bros + Tetris + Nintendo World Cup
0%
Famicom Disk System Super Mario Super Mario Bros. The Lost Levels
0%
Nintendo Entertainment System Off Road Super Off Road
0%
Super Nintendo Entertainment System Pinball Super Pinball Behind the Mask
0%
Super Nintendo Entertainment System Sports Super Play Action Football
0%
GameBoy R.C. Super R.C. Pro Am
0%
Super Nintendo Entertainment System Sports Super Soccer
0%
Nintendo Entertainment System Sports Super Spike V Ball + Nintendo World Cup
0%
Super Nintendo Entertainment System Star Wars Super Star Wars
0%
Nintendo Entertainment System Sports Super Team Games
0%
Super Nintendo Entertainment System Terranigma Terranigma
0%
GameBoy Tetris Tetris Plus
0%
Nintendo Entertainment System Earth Fighter The Earth Fighter Rayieza
0%
GameBoy The Frog Prince The Frog For Whom the Bell Tolls
0%
Nintendo Entertainment System The Guardian Legend The Guardian Legend
0%
GameBoy King of Fighters The King of Fighters 95
0%
GameBoy A Boy and His Blob The Rescue of Princess Blobette
0%
Famicom Disk System Time Twist Time Twist On the Outskirts of History
0%
Nintendo Entertainment System Sports Top Players Tennis
0%
GameBoy Sports Top Rank Tennis
0%
Game & Watch Game & Watch Tropical Fish
0%
Game & Watch Game & Watch Turtle Bridge
0%
GameBoy | Super Nintendo Entertainment System Vegas Stakes Vegas Stakes
0%
Famicom Disk System Excite Vs. Excitebike
0%
Famicom Disk System Ice Climber Vs. Ice Climber
0%
Nintendo 64 Waialae Country Club Waialae Country Club True Golf Classics
0%
Super Nintendo Entertainment System Winter Gold Winter Gold
0%
GameBoy Wizards & Warriors Wizards & Warriors X The Fortress of Fear
0%
Nintendo Entertainment System Sports World Class Track Meet
0%
Famicom Disk System Yume Kojo Yume Kojo Doki Doki Panic
0%
Nintendo Entertainment System StarTropics Zoda's Revenge StarTropics II
0%
Super Nintendo Entertainment System Mahjong Zoo-tto Mahjong
0%
No matching quizzes found
Score Distribution
Percent of People with Each Score
Percentile by Number Answered
Your Score History
You have not taken this quiz